000 01088nam0a22003371 4500
001 v19\rc\1763533
005 20181206143041.0
035 _a(NLR Aleph) 004845228
090 _a4864290
_c4864290
100 _a20061204d1903 |||y0rusy50 ca
101 0 _arus
102 _aRU
105 _aa z |||a|
200 1 _aПо Волге
_eВолж. былины и сказания в стихах
_fА.А. Навроцкий (Н.А. Вроцкий)
210 _aСанкт-Петербург
_cтип. В. Безобразова и К°
_d1903
215 _aVI, 174 с., 1 л. ил.
_d19
700 1 _aНавроцкий
_bА. А.
_f1839-1914
_gАлександр Александрович
790 1 _aВроцкий
_bН. А.
_f1839-1914
801 0 _aRU
_bNLR
_gpsbo
801 0 _aRU
_bRuMoRGB
_2psbo
801 1 _aRU
_bProSoft-M
_2rusmarc
852 _aNLR
_j38.62.4.5
852 _aNLR
_j129/1268
899 _aRuMoRGB
_jG 74/133
899 _aRuMoRGB
_jG 77/144
899 _aRuMoRGB
_jМК
899 _aБАН
899 _aГПИБ
942 _cBOOK
980 _aNB